Представление документа в формате MARC21

Поле Инд. ПП Название Значение
Тип записи a
Библиографический уровень m
001 Контрольный номер 533ec89a8473451b8a6ae176f98a1b58
005 Дата корректировки 20161108150438.8
008 Кодируемые данные 161107|||||||||ru |||||||||||||||||rus||
020 a ISBN 978-5-903036-78-3
041 0_ a Код языка текста rus
084 a Индекс другой классификации/Индекс ББК 81.2Англ-4
090 a Полочн. индекс 81.2Англ-4
x Авторский знак М 98
100 1_ a Автор Мюллер В. К.
245 10 a Заглавие Большой англо-русский и русско-английский словарь
b Продолж. заглавия 450 000 слов и словосочетаний : новая ред.
c Ответственность [под ред. С. И. Карантирова ; сост. О. Г. Алексеева, В. В. Андреев]
260 a Место издания Москва
b Издательство Дом Славян. кн.
c Дата издания 2013
300 a Объем 958 с.
650 04 a Основная рубрика Англо-русские словари
650 04 a Основная рубрика Русско-английские словари
653 0_ a Ключевые слова Англо-русские словари
a Ключевые слова Англо-русские словари
901 t Тип документа m